000 00987nam a2200229Ii 4500
003 JO-AjNU
008 230605s9999||||xx |||||||||||||| ||und||
017 _a2004/8/1873
040 _aJO-AjNU
_bara
_erda
_cJO-AjNU
041 _aara
050 1 4 _aBP878.R47.U926 2004
100 3 _aالعزيزي، "محمد رامز" عبد الفتاح,
_eauthor
_921537
245 0 0 _aالحكم الشرعي لبيع المرابحة للآمر بالشراء الذي تتعامل به البنوك الإسلامية مع بيان حكم الإلتزام بالوعد وأكل الربا بواسطة الحيل الربوية
250 _aط1
264 3 1 _aعمان: المؤلف، 2004
300 _a140ص
336 _atext
_btxt
_2rdacontent
337 _aunmediated
_bn
_2rdamedia
338 _avolume
_bnc
_2rdacarrier
490 0 _aسلسلة الإقتصاد الإسلامي 7
650 4 _aالربا- المرابحة- البنوك الاسلامية- فقه اسلامي
_921538
999 _aA7497
_c11065
_d11065